DB Bingo Quiz Stats

 Plays Quiz not verified by Sporcle

Challenge
Share
Tweet
Embed
Score 0/11 Timer 05:00
0 Plays Today
% Correct
that's what she said
100%
Cool beans
75%
grassy ass
75%
diddle
75%
ford
75%
store
75%
victoria
75%
i don't know
75%
RAH RAH RAH RAH!!!!!!
75%
that's what I meant
50%
drop the kids off at the pool
50%

You're not logged in!

Compare scores with friends on all Sporcle quizzes.
OR
Log In

You Might Also Like...

Show Comments

Extras

Created Jun 3, 2010ReportNominate
Tags:bingo

Top Quizzes Today


Score Distribution

Your Account Isn't Verified!

In order to create a playlist on Sporcle, you need to verify the email address you used during registration. Go to your Sporcle Settings to finish the process.

Report this User

Report this user for behavior that violates our Community Guidelines.

Details: